[Event "Sitges Sunway op 8th"]
[Site "Sitges"]
[Date "2021.12.16"]
[Round "4"]
[White "Kapitanchuk, Tomas"]
[Black "Dukic, Zachary"]
[Result "0-1"]
[WhiteElo "2323"]
[BlackElo "2140"]
[PlyCount "100"]
[EventDate "2021.12.13"]
[EventType "swiss"]
[EventRounds "10"]
[EventCountry "ESP"]
[SourceTitle "CBM 205 Extra"]
[Source "ChessBase"]
[SourceDate "2022.01.31"]
[SourceVersion "1"]
[SourceVersionDate "2022.01.31"]
[SourceQuality "1"]

1. e4 c5 2. Nf3 Nc6 3. Bb5 g6 4. 0-0 Bg7 5. c3 e5 6. b4 cxb4 7. d4 exd4 8. cxd4 Nge7 9. a3 0-0 10. axb4 d5 11. e5 Bg4 12. Bxc6 Nxc6 13. b5 Bxf3 14. gxf3 Ne7 15. Ba3 f6 16. e6 Re8 17. Nc3 Nf5 18. Re1 Rc8 19. Bc5 b6 20. Bb4 Rc4 21. Rxa7 Rxb4 22. Rd7 Qc8 23. Nxd5 Rxd4 24. Qb3 Qc4 25. Qxc4 Rxc4 26. Nc7 Rxc7 27. Rxc7 Bf8 28. Rd1 Rxe6 29. Rc6 Rxc6 30. bxc6 Bd6 31. Ra1 Ne7 32. Rb1 Nc8 33. Ra1 Kf7 34. Ra8 Ne7 35. Ra7 Ke6 36. Rb7 Bc5 37. c7 Kd7 38. Kf1 Kc8 39. Ra7 Nc6 40. Ra8+ Kxc7 41. Rh8 h5 42. f4 f5 43. Ke2 Nd4+ 44. Ke3 Ne6+ 45. Kf3 Bd6 46. Ke3 Bxf4+ 47. Kf3 Bxh2 48. Rg8 g5 49. Rg6 g4+ 50. Ke3 Kd6 0-1

[Event "Sitges Sunway op 8th"]
[Site "Sitges"]
[Date "2021.12.14"]
[Round "2"]
[White "Kapitanchuk, Tomas"]
[Black "Sankalp, Gupta"]
[Result "0-1"]
[WhiteElo "2323"]
[BlackElo "2504"]
[PlyCount "76"]
[EventDate "2021.12.13"]
[EventType "swiss"]
[EventRounds "10"]
[EventCountry "ESP"]
[SourceTitle "CBM 205 Extra"]
[Source "ChessBase"]
[SourceDate "2022.01.31"]
[SourceVersion "1"]
[SourceVersionDate "2022.01.31"]
[SourceQuality "1"]

1. e4 c6 2. d4 d5 3. exd5 cxd5 4. Bd3 Nc6 5. c3 Nf6 6. Bf4 Bg4 7. Qb3 Qd7 8. Nd2 e6 9. Ngf3 Bd6 10. Bxd6 Qxd6 11. Qxb7 Rb8 12. Qa6 0-0 13. Bb5 Rb6 14. Qa4 Ne7 15. b3 Ng6 16. Qa5 Ne4 17. 0-0 Qf4 18. c4 Nxd2 19. Nxd2 Qxd4 20. Rae1 Nf4 21. Re3 e5 22. g3 Nh3+ 23. Kg2 Nxf2 24. Qc3 Nd1 25. Rxd1 Bxd1 26. Qxd4 exd4 27. Re1 Bg4 28. a4 dxc4 29. Bxc4 Be6 30. a5 Rc6 31. Re4 Rd8 32. Kf2 Bxc4 33. Nxc4 d3 34. Ke1 Re6 35. Rxe6 fxe6 36. Kd2 Rd5 37. a6 Kf8 38. b4 Rd4 0-1

[Event "Villa Martelli IM"]
[Site "Villa Martelli"]
[Date "2021.10.25"]
[Round "4"]
[White "Perez Candelas, Andres Eloy"]
[Black "Kapitanchuk, Tomas"]
[Result "1-0"]
[WhiteElo "2228"]
[BlackElo "2346"]
[PlyCount "67"]
[EventDate "2021.10.22"]
[EventType "tourn"]
[EventRounds "9"]
[EventCountry "ARG"]
[EventCategory "1"]
[SourceTitle "CBM 204 Extra"]
[Source "ChessBase"]
[SourceDate "2021.11.30"]
[SourceVersion "1"]
[SourceVersionDate "2021.11.30"]
[SourceQuality "1"]

1. e4 c5 2. c3 Nf6 3. e5 Nd5 4. d4 cxd4 5. Nf3 e6 6. cxd4 d6 7. Nc3 Nxc3 8. bxc3 Qc7 9. Rb1 Qxc3+ 10. Bd2 Qc7 11. Bd3 Nc6 12. 0-0 Be7 13. Qe2 d5 14. Rfc1 Qd8 15. Rb3 a5 16. Rcb1 Ra7 17. Qd1 h6 18. Qc1 Qc7 19. Qb2 a4 20. Rb5 a3 21. Qb3 g5 22. Bc3 Na5 23. Qa4 Nc6 24. Qb3 Qb8 25. Ne1 Qa8 26. Be2 Ra4 27. Qd1 Qa7 28. Rb6 Bd8 29. R6b3 Nxd4 30. Bxd4 Rxd4 31. Bb5+ Ke7 32. Qc1 Ba5 33. Qxa3+ Kd8 34. Qd6+ 1-0

[Event "Villa Martelli IM"]
[Site "Villa Martelli"]
[Date "2021.10.23"]
[Round "2"]
[White "Kapitanchuk, Tomas"]
[Black "Borda Rodas, Anapaola S"]
[Result "1/2-1/2"]
[WhiteElo "2346"]
[BlackElo "2162"]
[PlyCount "113"]
[EventDate "2021.10.22"]
[EventType "tourn"]
[EventRounds "9"]
[EventCountry "ARG"]
[EventCategory "1"]
[SourceTitle "CBM 204 Extra"]
[Source "ChessBase"]
[SourceDate "2021.11.30"]
[SourceVersion "1"]
[SourceVersionDate "2021.11.30"]
[SourceQuality "1"]

1. e4 c6 2. Nf3 d5 3. d3 g6 4. Bf4 Bg7 5. Nc3 d4 6. Ne2 c5 7. h4 Nf6 8. Ng3 h6 9. Ne5 Be6 10. Be2 Qb6 11. 0-0 Nfd7 12. Nc4 Bxc4 13. dxc4 Qf6 14. Bxb8 Rxb8 15. h5 Qg5 16. hxg6 fxg6 17. Bg4 Ne5 18. Bh3 0-0 19. Ne2 Nf3+ 20. Kh1 Qh4 21. Qd3 Be5 22. Ng1 Nxg1 23. Kxg1 Rf6 24. f4 Bxf4 25. e5 Bxe5 26. Rxf6 Qxf6 27. Rf1 Qd6 28. Qf3 Bf6 29. Re1 d3 30. cxd3 Rf8 31. Qxb7 Qg3 32. Qd5+ Rf7 33. Qe6 Kg7 34. Kh1 Bxb2 35. Qe2 Bd4 36. Rf1 Rxf1+ 37. Qxf1 Be5 38. Kg1 Qh2+ 39. Kf2 Qf4+ 40. Ke2 Qxf1+ 41. Kxf1 Bf4 42. Ke2 Kf6 43. Bd7 Ke5 44. Be8 g5 45. Kf3 Kd4 46. Ke2 e5 47. Bg6 a5 48. a4 g4 49. Bh5 e4 50. dxe4 Kxc4 51. Bxg4 Kd4 52. e5 Bxe5 53. Kd2 Kc4 54. Kc2 Kb4 55. Bd7 h5 56. Be8 h4 57. Bd7 1/2-1/2

[Event "Rio Grande Centennial op"]
[Site "Rio Grande"]
[Date "2021.10.01"]
[Round "5"]
[White "Kapitanchuk, Tomas"]
[Black "Torella, Rodolfo"]
[Result "1-0"]
[WhiteElo "2346"]
[BlackElo "2069"]
[PlyCount "65"]
[EventDate "2021.09.29"]
[EventType "swiss"]
[EventRounds "9"]
[EventCountry "ARG"]
[SourceTitle "EXT 2022"]
[Source "ChessBase"]
[SourceDate "2021.10.06"]
[SourceVersion "1"]
[SourceVersionDate "2021.10.06"]
[SourceQuality "1"]

1. e4 e6 2. d4 d5 3. Nc3 Nf6 4. e5 Nfd7 5. f4 c5 6. Nf3 Nc6 7. Be3 cxd4 8. Nxd4 Bc5 9. Qd2 Bxd4 10. Bxd4 Nxd4 11. Qxd4 a6 12. 0-0-0 Qa5 13. f5 g6 14. fxe6 fxe6 15. Be2 Qc5 16. Qd2 Nxe5 17. Ne4 Qe7 18. Qd4 0-0 19. Qxe5 dxe4 20. Bg4 Qf6 21. Qxe4 Qg5+ 22. Kb1 Rf4 23. Bxe6+ Kg7 24. Qe3 Bxe6 25. Qxe6 Raf8 26. g3 R4f6 27. Qd7+ R6f7 28. Qd4+ Kg8 29. a3 Rf2 30. h4 Qxg3 31. h5 Qf4 32. hxg6 Qxd4 33. gxh7+ 1-0

[Event "Rio Grande Centennial op"]
[Site "Rio Grande"]
[Date "2021.09.30"]
[Round "3"]
[White "Kapitanchuk, Tomas"]
[Black "Ocampos, Ian Guido"]
[Result "1-0"]
[WhiteElo "2346"]
[BlackElo "2124"]
[PlyCount "71"]
[EventDate "2021.09.29"]
[EventType "swiss"]
[EventRounds "9"]
[EventCountry "ARG"]
[SourceTitle "EXT 2022"]
[Source "ChessBase"]
[SourceDate "2021.10.06"]
[SourceVersion "1"]
[SourceVersionDate "2021.10.06"]
[SourceQuality "1"]

1. e4 c5 2. Nf3 d6 3. Bb5+ Nd7 4. 0-0 a6 5. Bxd7+ Qxd7 6. b4 b6 7. d4 cxd4 8. Qxd4 e5 9. Qxb6 Nf6 10. Re1 Bb7 11. Nfd2 d5 12. Nc3 Be7 13. Nxd5 Nxd5 14. exd5 Qxd5 15. Nf3 0-0 16. c4 Bd8 17. cxd5 Bxb6 18. Rxe5 Rfd8 19. Be3 Bxe3 20. fxe3 Bxd5 21. Nd4 Kf8 22. a4 f6 23. Rh5 Kf7 24. Rxh7 Rdb8 25. Rh5 Be4 26. Rh4 f5 27. g4 Rxb4 28. gxf5 Bd5 29. Rc1 Re8 30. Rc7+ Kf6 31. Rd7 Bb7 32. Rg4 Rxe3 33. Rg6+ Ke5 34. Re6+ Kf4 35. Rxe3 Rb1+ 36. Kf2 1-0

[Event "Online Olym Div Top-C"]
[Site "Chess.com INT"]
[Date "2021.09.11"]
[Round "7.3"]
[White "Galperin, Platon"]
[Black "Kapitanchuk, Tomas"]
[Result "1-0"]
[WhiteElo "2512"]
[BlackElo "2346"]
[PlyCount "48"]
[EventDate "2021.09.09"]
[EventType "team (rapid)"]
[EventRounds "9"]
[EventCountry "USA"]
[SourceTitle "CBM 204 Extra"]
[Source "ChessBase"]
[SourceDate "2021.11.30"]
[SourceVersion "1"]
[SourceVersionDate "2021.11.30"]
[SourceQuality "1"]
[WhiteTeam "Ukraine"]
[BlackTeam "Argentina"]
[WhiteTeamCountry "UKR"]
[BlackTeamCountry "ARG"]

1. d4 Nf6 2. Nf3 e6 3. g3 b5 4. Qd3 b4 5. a3 Nc6 6. Bg2 a5 7. axb4 Nxb4 8. Qd1 c5 9. Ne5 Ra7 10. c3 Nbd5 11. e4 Nb6 12. 0-0 Bb7 13. Na3 Ba6 14. Re1 Qc7 15. Be3 Be7 16. Nd3 c4 17. Nc5 d5 18. exd5 Bxc5 19. dxc5 Nbxd5 20. Qa4+ Ke7 21. Bd4 Rb7 22. Nxc4 Bb5 23. Qa2 Bxc4 24. Qxc4 Qd7 1-0

[Event "Online Olym Div Top-C"]
[Site "Chess.com INT"]
[Date "2021.09.10"]
[Round "5.2"]
[White "Henderson de la Fuente, Lance"]
[Black "Kapitanchuk, Tomas"]
[Result "1-0"]
[WhiteElo "2491"]
[BlackElo "2346"]
[PlyCount "67"]
[EventDate "2021.09.09"]
[EventType "team (rapid)"]
[EventRounds "9"]
[EventCountry "USA"]
[SourceTitle "CBM 204 Extra"]
[Source "ChessBase"]
[SourceDate "2021.11.30"]
[SourceVersion "1"]
[SourceVersionDate "2021.11.30"]
[SourceQuality "1"]
[WhiteTeam "Spain"]
[BlackTeam "Argentina"]
[WhiteTeamCountry "ESP"]
[BlackTeamCountry "ARG"]

1. d4 Nf6 2. Nf3 e6 3. g3 b5 4. Bg2 Bb7 5. 0-0 Be7 6. a4 b4 7. c4 0-0 8. b3 d6 9. Bb2 c5 10. Nbd2 a5 11. Qc2 cxd4 12. Nxd4 Bxg2 13. Kxg2 Qb6 14. Kg1 Nbd7 15. Nb5 Rac8 16. Rad1 Rfd8 17. Bd4 Nc5 18. Bxf6 Bxf6 19. Ne4 Be7 20. Nxc5 Rxc5 21. Qe4 d5 22. cxd5 Rcxd5 23. Rxd5 Rxd5 24. Rc1 Bc5 25. e3 g6 26. Kg2 Kg7 27. h4 h6 28. Rc2 Qd8 29. Qf4 Rf5 30. Qe4 h5 31. Qc6 Qf6 32. Nc7 Qe5 33. Qb7 g5 34. Rxc5 1-0

[Event "Online Olym Div2 D"]
[Site "Chess.com INT"]
[Date "2021.09.03"]
[Round "5.4"]
[White "Kapitanchuk, Tomas"]
[Black "Labussiere, Victor"]
[Result "1-0"]
[WhiteElo "2346"]
[BlackElo "2291"]
[PlyCount "99"]
[EventDate "2021.09.02"]
[EventType "team (rapid)"]
[EventRounds "9"]
[EventCountry "USA"]
[SourceTitle "CBM 204 Extra"]
[Source "ChessBase"]
[SourceDate "2021.11.30"]
[SourceVersion "1"]
[SourceVersionDate "2021.11.30"]
[SourceQuality "1"]
[WhiteTeam "Argentina"]
[BlackTeam "Brazil"]
[WhiteTeamCountry "ARG"]
[BlackTeamCountry "BRA"]

1. e4 c5 2. Nf3 Nc6 3. Bb5 g6 4. Bxc6 bxc6 5. 0-0 Bg7 6. Re1 Nh6 7. c3 0-0 8. d4 cxd4 9. cxd4 d5 10. e5 Bg4 11. Nbd2 f6 12. exf6 exf6 13. h3 Bd7 14. b3 Re8 15. Ba3 Nf7 16. Rxe8+ Qxe8 17. Qf1 Qd8 18. Bc5 Bf8 19. Rc1 Nd6 20. a4 a5 21. Re1 Qc7 22. Qd3 Bf5 23. Qe3 Qd7 24. Qf4 g5 25. Qg3 Be6 26. Nh2 Nf5 27. Qc3 Bg7 28. b4 axb4 29. Qxb4 Nh4 30. Qb3 Ng6 31. Ra1 Nf4 32. a5 Qc8 33. Qe3 Kf7 34. Nb3 Qa6 35. Bd6 Qc4 36. Bxf4 gxf4 37. Qf3 Bf5 38. Qxf4 Be4 39. Qc7+ Kg6 40. Qg3+ Kf7 41. Rc1 Qb5 42. Qc7+ Kg6 43. Qxc6 Rxa5 44. Nxa5 Qxa5 45. Qe8+ Kg5 46. Nf3+ Bxf3 47. Qe3+ Kg6 48. Qxf3 Qd2 49. Qg3+ Qg5 50. Rc5 1-0

[Event "Titled Tuesday intern op 13th July"]
[Site "Chess.com INT"]
[Date "2021.07.13"]
[Round "2"]
[White "Aulin Jansson, Joran"]
[Black "Kapitanchuk, Tomas"]
[Result "0-1"]
[WhiteElo "2215"]
[BlackElo "2346"]
[PlyCount "74"]
[EventDate "2021.07.13"]
[EventType "swiss (blitz)"]
[EventRounds "11"]
[EventCountry "USA"]
[SourceTitle "CBM 203 Extra"]
[Source "ChessBase"]
[SourceDate "2021.09.30"]
[SourceVersion "1"]
[SourceVersionDate "2021.09.30"]
[SourceQuality "1"]

1. e4 c5 2. Nc3 Nc6 3. f4 e6 4. Nf3 Nge7 5. g4 d5 6. d3 dxe4 7. dxe4 Qxd1+ 8. Nxd1 b6 9. c3 Bb7 10. Nf2 Nc8 11. Bg2 Be7 12. Be3 Nd6 13. Nd2 Na5 14. b3 0-0-0 15. 0-0-0 Nb5 16. Kc2 Bf6 17. Nb1 h6 18. Rxd8+ Rxd8 19. Rd1 Rxd1 20. Nxd1 Nd6 21. Nf2 e5 22. f5 Bg5 23. Bxg5 hxg5 24. Nd2 f6 25. Kd3 Nc6 26. a3 Ne7 27. b4 cxb4 28. cxb4 g6 29. Bf3 Kd7 30. Kc3 Nb5+ 31. Kb2 Nd4 32. Bg2 gxf5 33. gxf5 Nexf5 34. Ng4 Ke7 35. exf5 Bxg2 36. Ne3 Bc6 37. Nb3 Be4 0-1

[Event "Titled Tuesday intern op 06th July"]
[Site "Chess.com INT"]
[Date "2021.07.06"]
[Round "1"]
[White "Kiseljova, Marya"]
[Black "Kapitanchuk, Tomas"]
[Result "0-1"]
[WhiteElo "2031"]
[BlackElo "2346"]
[PlyCount "66"]
[EventDate "2021.07.06"]
[EventType "swiss (blitz)"]
[EventRounds "11"]
[EventCountry "USA"]
[SourceTitle "EXT 2022"]
[Source "ChessBase"]
[SourceDate "2021.10.06"]
[SourceVersion "1"]
[SourceVersionDate "2021.10.06"]
[SourceQuality "1"]

1. d4 Nf6 2. c4 e6 3. Nf3 Bb4+ 4. Nbd2 0-0 5. g3 d5 6. b3 c5 7. Bb2 dxc4 8. bxc4 cxd4 9. Bxd4 Nc6 10. Bb2 Ne4 11. Qc2 Nxd2 12. Nxd2 Nd4 13. Qd3 e5 14. Bg2 Bf5 15. Be4 Bxe4 16. Qxe4 Nf3+ 17. exf3 Qxd2+ 18. Kf1 Qxb2 19. Kg2 Qd4 20. Qxb7 Bc5 21. Rhf1 Rab8 22. Qc6 Rb2 23. Rad1 Rxf2+ 24. Kh3 Qe3 25. Rde1 Qh6+ 26. Qxh6 gxh6 27. Rxf2 Bxf2 28. Rxe5 Rc8 29. Kg4 Rxc4+ 30. Kf5 Kg7 31. g4 Bb6 32. Re2 Bc7 33. h4 Rf4# 0-1

[Event "South America-ch U20"]
[Site "Chess.com INT"]
[Date "2021.06.19"]
[Round "3"]
[White "Contreras Suazo, Rocio Antonella"]
[Black "Kapitanchuk, Tomas"]
[Result "0-1"]
[WhiteElo "1695"]
[BlackElo "2346"]
[PlyCount "68"]
[EventDate "2021.06.19"]
[EventType "swiss"]
[EventRounds "7"]
[EventCountry "CHI"]
[SourceTitle "CBM 203 Extra"]
[Source "ChessBase"]
[SourceDate "2021.09.30"]
[SourceVersion "1"]
[SourceVersionDate "2021.09.30"]
[SourceQuality "1"]

1. e4 c5 2. Nc3 Nc6 3. g3 g6 4. Bg2 Bg7 5. Nge2 Rb8 6. 0-0 b5 7. d3 b4 8. Nd5 e6 9. Ne3 Nge7 10. f4 f5 11. e5 d5 12. d4 0-0 13. h3 Rf7 14. c3 Qb6 15. cxb4 cxd4 16. Nc2 d3+ 17. Kh2 dxc2 18. Qxc2 Nxb4 19. Qd2 Ba6 20. a3 Nd3 21. b4 Rff8 22. Bb2 Nxb2 23. Qxb2 Bxe2 24. Qxe2 Rfc8 25. g4 Rc4 26. gxf5 Nxf5 27. Rac1 Rbc8 28. Rxc4 Rxc4 29. Qd3 Qe3 30. Qxe3 Nxe3 31. Rf3 Nxg2 32. Kxg2 Bh6 33. Kg3 d4 34. Rd3 Rc3 0-1

[Event "Titled Tuesday intern op 15th June"]
[Site "Chess.com INT"]
[Date "2021.06.15"]
[Round "2"]
[White "Beukes, Dante M"]
[Black "Kapitanchuk, Tomas"]
[Result "0-1"]
[WhiteElo "2253"]
[BlackElo "2346"]
[PlyCount "52"]
[EventDate "2021.06.15"]
[EventType "swiss (blitz)"]
[EventRounds "11"]
[EventCountry "USA"]
[SourceTitle "CBM 203 Extra"]
[Source "ChessBase"]
[SourceDate "2021.09.30"]
[SourceVersion "1"]
[SourceVersionDate "2021.09.30"]
[SourceQuality "1"]

1. e4 c5 2. Nf3 e6 3. d3 Nc6 4. g3 Nf6 5. Bg2 d5 6. Nbd2 Be7 7. 0-0 0-0 8. e5 Nd7 9. Re1 Qc7 10. Qe2 b5 11. Nf1 a5 12. h4 b4 13. Bf4 a4 14. a3 bxa3 15. bxa3 Nd4 16. Nxd4 cxd4 17. Nh2 Ba6 18. Nf3 Qa7 19. h5 h6 20. Qd2 Rfc8 21. Rec1 Rc3 22. Nxd4 Qxd4 23. Be3 Qxe5 24. d4 Qc7 25. g4 Rc8 26. Bf4 Rxc2 0-1

[Event "Titled Tuesday intern op 15th June"]
[Site "Chess.com INT"]
[Date "2021.06.15"]
[Round "3"]
[White "Kapitanchuk, Tomas"]
[Black "Demeter, Dorina"]
[Result "1-0"]
[WhiteElo "2346"]
[BlackElo "2022"]
[PlyCount "35"]
[EventDate "2021.06.15"]
[EventType "swiss (blitz)"]
[EventRounds "11"]
[EventCountry "USA"]
[SourceTitle "CBM 203 Extra"]
[Source "ChessBase"]
[SourceDate "2021.09.30"]
[SourceVersion "1"]
[SourceVersionDate "2021.09.30"]
[SourceQuality "1"]

1. e4 e5 2. Nf3 Nc6 3. d4 exd4 4. Nxd4 Nf6 5. Nxc6 bxc6 6. Qe2 a5 7. Nc3 Ba6 8. Qf3 Bxf1 9. Rxf1 Bb4 10. Bd2 Qe7 11. 0-0-0 a4 12. e5 Bxc3 13. exf6 Bxd2+ 14. Rxd2 Qxf6 15. Re1+ Kd8 16. Red1 d5 17. Rxd5+ cxd5 18. Qxd5+ 1-0

[Event "Titled Tuesday intern op 25th May"]
[Site "Chess.com INT"]
[Date "2021.05.25"]
[Round "2"]
[White "Kapitanchuk, Tomas"]
[Black "Rustemov, Alexander"]
[Result "0-1"]
[WhiteElo "2346"]
[BlackElo "2525"]
[PlyCount "92"]
[EventDate "2021.05.25"]
[EventType "swiss (blitz)"]
[EventRounds "11"]
[EventCountry "USA"]
[SourceTitle "CBM 203 Extra"]
[Source "ChessBase"]
[SourceDate "2021.09.30"]
[SourceVersion "1"]
[SourceVersionDate "2021.09.30"]
[SourceQuality "1"]

1. e4 e6 2. d4 d5 3. Nd2 c5 4. Ngf3 Nf6 5. exd5 Nxd5 6. Ne4 cxd4 7. Nxd4 Be7 8. Be2 0-0 9. 0-0 Nd7 10. c4 N5f6 11. Nc3 a6 12. Be3 Qc7 13. Rc1 b6 14. a3 Bb7 15. b4 Rac8 16. Qd2 Ne5 17. Na4 Rfd8 18. h3 Ne4 19. Qa2 Bg5 20. Bxg5 Nxg5 21. Rfd1 Ng6 22. c5 Nf4 23. Bf1 Nfxh3+ 24. gxh3 Rxd4 25. Bg2 Bxg2 26. Rxd4 Nf3+ 27. Kxg2 Nxd4 28. Nxb6 Qc6+ 29. Kg1 Nf3+ 30. Kf1 Rd8 31. Qe2 Nh4 32. f3 Nxf3 33. Rd1 Nd4 34. Qg2 Qb5+ 35. Kg1 g6 36. Kh1 e5 37. Rf1 Nf5 38. Rg1 Rd3 39. Nd5 Kg7 40. Nc7 Qc4 41. Ne8+ Kf8 42. Nf6 Ng3+ 43. Kh2 Qf4 44. Qa8+ Kg7 45. Ne8+ Kh6 46. Kg2 Rd2# 0-1

[Event "Titled Tuesday intern op 25th May"]
[Site "Chess.com INT"]
[Date "2021.05.25"]
[Round "3"]
[White "Nastore, Pavel Alexandru"]
[Black "Kapitanchuk, Tomas"]
[Result "0-1"]
[WhiteElo "2221"]
[BlackElo "2346"]
[PlyCount "112"]
[EventDate "2021.05.25"]
[EventType "swiss (blitz)"]
[EventRounds "11"]
[EventCountry "USA"]
[SourceTitle "CBM 203 Extra"]
[Source "ChessBase"]
[SourceDate "2021.09.30"]
[SourceVersion "1"]
[SourceVersionDate "2021.09.30"]
[SourceQuality "1"]

1. e4 c5 2. Nf3 e6 3. d4 cxd4 4. Nxd4 Nc6 5. Nc3 Qc7 6. Be2 Nf6 7. 0-0 Be7 8. Be3 0-0 9. f4 d6 10. Bf3 Nxd4 11. Bxd4 e5 12. Be3 exf4 13. Bxf4 Be6 14. Kh1 Nd7 15. Nb5 Qb6 16. Nxd6 Rfd8 17. Nf5 Bf8 18. b3 Nf6 19. Qe2 Rac8 20. c4 Re8 21. Qb2 Bxf5 22. exf5 Bc5 23. Be5 Rxe5 24. Qxe5 Bd4 25. Qf4 Bxa1 26. Rxa1 Re8 27. Rf1 Qf2 28. Qc1 Qxa2 29. Qb1 Qxb1 30. Rxb1 b6 31. g4 Re3 32. Kg2 h6 33. Kf2 Rc3 34. h3 Nd7 35. Bg2 Nc5 36. b4 Nd3+ 37. Ke3 Nxb4+ 38. Kd4 Na2 39. Bd5 Rxh3 40. Ra1 Rh2 41. Ke5 Re2+ 42. Kd6 Rd2 43. Kc6 Nb4+ 44. Kd6 a5 45. Kc7 Nxd5+ 46. cxd5 Rxd5 47. Kxb6 Rd4 48. Rg1 a4 49. Kc5 Rf4 50. Kb5 a3 51. Rg3 a2 52. Ra3 Rxg4 53. Rxa2 Rg5 54. Rf2 g6 55. Kc4 Rxf5 56. Rxf5 gxf5 0-1

[Event "Titled Tuesday intern op 18th May"]
[Site "Chess.com INT"]
[Date "2021.05.18"]
[Round "6"]
[White "Kapitanchuk, Tomas"]
[Black "Leitao, Rafael Duailibe"]
[Result "0-1"]
[WhiteElo "2346"]
[BlackElo "2592"]
[PlyCount "90"]
[EventDate "2021.05.18"]
[EventType "swiss (blitz)"]
[EventRounds "11"]
[EventCountry "USA"]
[SourceTitle "CBM 202 Extra"]
[Source "ChessBase"]
[SourceDate "2021.07.31"]
[SourceVersion "1"]
[SourceVersionDate "2021.07.31"]
[SourceQuality "1"]

1. e4 e5 2. Nf3 Nc6 3. d4 exd4 4. Nxd4 Bc5 5. Nb3 Bb4+ 6. c3 Be7 7. f4 d6 8. Bd3 Nf6 9. N1d2 0-0 10. 0-0 b6 11. Nf3 Bb7 12. Bd2 Re8 13. Qc2 Nd7 14. Rae1 h6 15. Nbd4 Bf8 16. Bb5 Nxd4 17. cxd4 c5 18. b4 a6 19. Bd3 Rc8 20. Qb1 c4 21. Bc2 Nf6 22. d5 b5 23. Be3 g6 24. Bd4 Bg7 25. e5 Nxd5 26. Bxg6 fxg6 27. Qxg6 Nxf4 28. Qg4 Ne6 29. exd6 Nxd4 30. Nxd4 Rxe1 31. Rxe1 Qg5 32. Qe6+ Kh8 33. Nf3 Qf6 34. d7 Qxe6 35. Rxe6 Rg8 36. Re8 Bf6 37. Ne5 c3 38. Ng6+ Kg7 39. Ne7 Bxe7 40. Rxe7+ Kf6 41. Re8 Rxg2+ 42. Kf1 Rd2 43. d8Q+ Rxd8 44. Rxd8 c2 45. Rd6+ Ke5 0-1

[Event "Titled Tuesday intern op 18th May"]
[Site "Chess.com INT"]
[Date "2021.05.18"]
[Round "3"]
[White "Wagner, Dennis"]
[Black "Kapitanchuk, Tomas"]
[Result "1-0"]
[WhiteElo "2572"]
[BlackElo "2346"]
[PlyCount "67"]
[EventDate "2021.05.18"]
[EventType "swiss (blitz)"]
[EventRounds "11"]
[EventCountry "USA"]
[SourceTitle "CBM 202 Extra"]
[Source "ChessBase"]
[SourceDate "2021.07.31"]
[SourceVersion "1"]
[SourceVersionDate "2021.07.31"]
[SourceQuality "1"]

1. e4 c5 2. Nf3 e6 3. d4 cxd4 4. Nxd4 Nc6 5. Nc3 Qc7 6. Be2 Nf6 7. Be3 Be7 8. f4 d6 9. Qd2 0-0 10. 0-0-0 Nxd4 11. Qxd4 e5 12. Qd3 a6 13. f5 b5 14. a3 Bb7 15. g4 d5 16. exd5 Rfd8 17. Bf3 e4 18. Bxe4 Nxg4 19. Bd4 Rac8 20. Rhg1 Nf6 21. Rg2 Qf4+ 22. Kb1 Qh6 23. Rdg1 Bf8 24. Bf3 Rc4 25. Ne4 Nxd5 26. Bxg7 Bxg7 27. Rxg7+ Qxg7 28. Rxg7+ Kxg7 29. f6+ Kh8 30. Ka1 Rg8 31. Nd6 Rg1+ 32. Ka2 Ra4 33. Nxf7+ Kg8 34. Bxd5 1-0

[Event "Titled Tuesday intern op 04th May"]
[Site "Chess.com INT"]
[Date "2021.05.04"]
[Round "10"]
[White "Kapitanchuk, Tomas"]
[Black "Onufrienko, Vladislav"]
[Result "0-1"]
[WhiteElo "2346"]
[BlackElo "1827"]
[PlyCount "28"]
[EventDate "2021.05.04"]
[EventType "swiss (blitz)"]
[EventRounds "11"]
[EventCountry "USA"]
[SourceTitle "CBM 202 Extra"]
[Source "ChessBase"]
[SourceDate "2021.07.31"]
[SourceVersion "1"]
[SourceVersionDate "2021.07.31"]
[SourceQuality "1"]

1. e4 c5 2. Nf3 Nc6 3. Bb5 e5 4. Bxc6 dxc6 5. 0-0 Bd6 6. c3 Ne7 7. d4 cxd4 8. cxd4 exd4 9. Qxd4 0-0 10. e5 Bc7 11. Qh4 Ng6 12. Qxd8 Rxd8 13. Re1 Bg4 14. Bg5 Re8 0-1

[Event "Titled Tuesday intern op 27th Apr"]
[Site "Chess.com INT"]
[Date "2021.04.27"]
[Round "5"]
[White "Kapitanchuk, Tomas"]
[Black "Kavinda, Akila"]
[Result "0-1"]
[WhiteElo "2320"]
[BlackElo "2068"]
[PlyCount "134"]
[EventDate "2021.04.27"]
[EventType "swiss (blitz)"]
[EventRounds "11"]
[EventCountry "USA"]
[SourceTitle "CBM 202 Extra"]
[Source "ChessBase"]
[SourceDate "2021.07.31"]
[SourceVersion "1"]
[SourceVersionDate "2021.07.31"]
[SourceQuality "1"]

1. e4 g6 2. d4 Bg7 3. Nf3 d6 4. Nc3 a6 5. a4 Nf6 6. h3 0-0 7. Be2 Nc6 8. 0-0 e5 9. dxe5 dxe5 10. Be3 Qe7 11. a5 Rd8 12. Qb1 Nd4 13. Bd1 h6 14. b4 c6 15. Re1 Kh7 16. Na4 Nxe4 17. Bxd4 exd4 18. Nb6 Rb8 19. Nxc8 Rbxc8 20. Nd2 Nxd2 21. Rxe7 Nxb1 22. Rxb1 Kg8 23. Rxb7 Rb8 24. Ra7 c5 25. Rxa6 cxb4 26. Be2 Ra8 27. Rxa8 Rxa8 28. a6 Bf8 29. Re1 Bc5 30. Bc4 Ra7 31. Re5 Rc7 32. Rd5 Kg7 33. Kh2 Kf6 34. Kg3 Ba7 35. Bb3 Rc6 36. Rd7 Rxa6 37. Rxf7+ Ke5 38. f4+ Ke4 39. Re7+ Kf5 40. Rf7+ Ke4 41. Kg4 Ke3 42. Re7+ Kd2 43. Rd7 Kc3 44. h4 Bc5 45. h5 gxh5+ 46. Kxh5 Ra5 47. Kxh6 Bf8+ 48. Kg6 Ra3 49. g4 Rxb3 50. cxb3 d3 51. Kf7 Bc5 52. g5 Bd4 53. Rxd4 Kxd4 54. g6 d2 55. g7 d1Q 56. g8Q Kc3 57. Kf6 Qxb3 58. Qc8+ Qc4 59. Qf8 b3 60. Kg5 b2 61. Qb8 Kc2 62. f5 b1Q 63. Qxb1+ Kxb1 64. f6 Qf7 65. Kf5 Kc2 66. Kg5 Kc3 67. Kf5 Kc4 0-1

[Event "Titled Tuesday intern op 27th Apr"]
[Site "Chess.com INT"]
[Date "2021.04.27"]
[Round "1"]
[White "Meekins, Kristopher"]
[Black "Kapitanchuk, Tomas"]
[Result "0-1"]
[WhiteElo "2146"]
[BlackElo "2320"]
[PlyCount "60"]
[EventDate "2021.04.27"]
[EventType "swiss (blitz)"]
[EventRounds "11"]
[EventCountry "USA"]
[SourceTitle "CBM 202 Extra"]
[Source "ChessBase"]
[SourceDate "2021.07.31"]
[SourceVersion "1"]
[SourceVersionDate "2021.07.31"]
[SourceQuality "1"]

1. e4 c5 2. d4 cxd4 3. c3 Nf6 4. e5 Nd5 5. Qxd4 e6 6. Nf3 Nc6 7. Qe4 f5 8. Qe2 b5 9. g3 a5 10. Bg2 Ba6 11. 0-0 Be7 12. Rd1 0-0 13. Nbd2 Qb8 14. Nf1 b4 15. c4 b3 16. a3 Nb6 17. N1d2 a4 18. Bf1 Na5 19. Qe3 Rc8 20. h4 Rc5 21. Nb1 Naxc4 22. Qf4 Nxe5 23. Nc3 Bxf1 24. Kxf1 Nxf3 25. Qxf3 d5 26. Be3 Rc6 27. Bxb6 Qxb6 28. Re1 Bf6 29. Rac1 Rac8 30. Nxa4 Qb5+ 0-1